Your Love Is My Drug - Kesha - All Lyrics - Statistics

General Stats
  • This quiz has been taken 67 times
  • The average score is 347 of 406
Answer Stats
Answer % Correct
a
100%
Huh,
100%
I
100%
is
100%
Is
100%
(Is
100%
you
100%
(You
100%
Do
98%
drug
98%
drug?
98%
drug)
98%
love,
98%
love
98%
my
98%
My
98%
your
98%
Your
98%
so
96%
the
96%
The
96%
got
94%
got,
94%
Hey,
94%
hey,
94%
in
94%
be
92%
when
92%
(When
92%
all
88%
(All
88%
get
88%
it
88%
me
88%
need
88%
What
88%
what
88%
just
86%
think
86%
don't
84%
heart
84%
about
82%
an
82%
basement?
82%
hard
82%
have
82%
party
82%
question
82%
time
82%
time)
82%
to
82%
wanna
82%
Because
80%
boy,
80%
Maybe
80%
maybe
80%
or
80%
people
80%
rehab
80%
sleep
80%
slumber
80%
some
80%
with
80%
can't
78%
care
78%
find
78%
high
78%
mind
78%
off
78%
I'm
76%
like
76%
price
76%
say
76%
you're
76%
rush
74%
dreams
72%
make
72%
pay
72%
beat
70%
drum?
70%
seein'
70%
worth
70%
sick
68%
you've
68%
obsession
66%
alley
64%
head
64%
against
62%
But
62%
down
62%
every
62%
it's
62%
out,
62%
wall
62%
808
60%
crash
60%
desperate
60%
fried
60%
leave
60%
leave)
60%
and
58%
I've
58%
strung
56%
up
56%
Hittin'
54%
night
54%
calls
52%
If
52%
lookin'
52%
makin'
52%
those
52%
advice
50%
crackhead
50%
crazy
50%
friends
48%
hopin'
48%
said
48%
stayin'
48%
twice
48%
any
46%
hazy
46%
keep
46%
lovesick
46%
addicted,
44%
crave
44%
gone
44%
kinda
44%
listen
44%
should
44%
Won't
44%
crisis
42%
gettin'
40%
gonna
40%
affected
38%
beard
38%
Mama's
38%
own
38%
tellin'
36%
devices
32%
left
24%
judgment's
18%
steeze
8%
No matching quizzes found
Score Distribution
Percent of People with Each Score
Percentile by Number Answered
Your Score History
You have not taken this quiz